Sectas y otras doctrinas en la actualidad

Guardat en:
Dades bibliogràfiques
Autor principal: Sampedro Nieto, Francisco (Autor)
Format: Llibre
Idioma:espanyol
Publicat: Bogotá Consejo Episcopal Latinoamericano 1991
Col·lecció:Colección Autores, 2
Matèries:
Etiquetes: Afegir etiqueta
Sense etiquetes, Sigues el primer a etiquetar aquest registre!

MARC

LEADER 00000nam a2200000 a 4500
001 UCX4706
003 CL-VaPUC
008 920715e19910000CK |||||||||||||||||spa|d
082 0 4 |a 291.9  |b SAM  |2 21 
100 0 |a Sampedro Nieto, Francisco  |e author  |9 320985 
245 1 0 |a Sectas y otras doctrinas en la actualidad 
300 |a 440 p 
942 |c BK 
945 |d 19920715 00:00:00 
260 |a Bogotá  |b Consejo Episcopal Latinoamericano  |c 1991 
650 0 |a Sectas  |9 320072 
583 |a last modification  |c 19920715 00:00:00  |k Rodrigo Vera 
490 0 |a Colección Autores, 2 
999 |c 225114  |d 225112 
952 |0 0  |1 0  |4 0  |6 291_900000000000000_SAM_1991  |7 0  |8 A  |9 222333  |a BIBTEO  |b BIBTEO  |d 2019-11-15  |i 3185974  |o 291.9 SAM 1991  |p 3185974  |r 2024-01-18  |w 2019-11-15  |y BK  |k ICR